[Event "Ricany op-A"]
[Site "Ricany"]
[Date "2019.08.27"]
[Round "5"]
[White "Nentvich, Libor"]
[Black "Hampel, Rudolf"]
[Result "0-1"]
[WhiteElo "1822"]
[BlackElo "1660"]
[PlyCount "42"]
[EventDate "2019.08.24"]
[EventType "swiss"]
[EventRounds "9"]
[EventCountry "CZE"]
[SourceTitle "EXT 2020"]
[Source "ChessBase"]
[SourceDate "2019.10.17"]
[SourceVersion "1"]
[SourceVersionDate "2019.10.17"]
[SourceQuality "1"]

1. e4 c5 2. Nf3 e6 3. d4 cxd4 4. Nxd4 Nf6 5. Nc3 Nc6 6. Be3 Bb4 7. Bd3 d5 8. exd5 exd5 9. 0-0 0-0 10. Nce2 Bg4 11. c3 Bd6 12. Qc2 Rc8 13. a3 Ne5 14. Bf5 Bxf5 15. Nxf5 Bb8 16. Bg5 Qc7 17. Neg3 Ne4 18. Ne7+ Kh8 19. Nxd5 Nf3+ 20. gxf3 Qe5 21. Nxe4 Qxh2# 0-1

[Event "Ricany op-A"]
[Site "Ricany"]
[Date "2017.08.27"]
[Round "2"]
[White "Grecny, Karol"]
[Black "Hampel, Rudolf"]
[Result "1-0"]
[WhiteElo "1926"]
[BlackElo "1772"]
[PlyCount "85"]
[EventDate "2017.08.26"]
[EventType "swiss"]
[EventRounds "9"]
[EventCountry "CZE"]
[SourceTitle "CBM 180 Extra"]
[Source "ChessBase"]
[SourceDate "2017.10.06"]
[SourceVersion "1"]
[SourceVersionDate "2017.10.06"]
[SourceQuality "1"]

1. e4 c5 2. Nf3 e6 3. d4 cxd4 4. Nxd4 a6 5. Be2 d6 6. 0-0 Be7 7. Be3 Nf6 8. Nd2 0-0 9. c4 Nbd7 10. f3 Qc7 11. Rc1 b6 12. Qe1 Bb7 13. Qg3 Kh8 14. Bd3 Rac8 15. Bb1 Qb8 16. Ne2 Rc7 17. Qh3 Rfc8 18. f4 e5 19. Nc3 Nf8 20. Nd5 Bxd5 21. exd5 Nxd5 22. fxe5 dxe5 23. Rxf7 Nf6 24. Ne4 Bc5 25. Rxc7 Bxe3+ 26. Qxe3 Qxc7 27. b3 Rd8 28. Rf1 Nxe4 29. Qxe4 Qc5+ 30. Kh1 Kg8 31. Qf3 Qe7 32. Be4 Nd7 33. Bb7 a5 34. Qe3 Nc5 35. Bd5+ Kh8 36. h3 e4 37. a3 Rf8 38. Re1 h6 39. Rd1 Nd3 40. Rxd3 Rf1+ 41. Kh2 Qd6+ 42. Qg3 Qf6 43. Bxe4 1-0

[Event "Ricany op"]
[Site "Ricany"]
[Date "2016.08.28"]
[Round "2"]
[White "Hampel, Rudolf"]
[Black "Hrdina, Robin"]
[Result "0-1"]
[WhiteElo "1710"]
[BlackElo "2120"]
[PlyCount "114"]
[EventDate "2016.08.27"]
[EventType "swiss"]
[EventRounds "9"]
[EventCountry "CZE"]
[SourceTitle "CBM 174 Extra"]
[Source "ChessBase"]
[SourceDate "2016.10.10"]
[SourceVersion "1"]
[SourceVersionDate "2016.10.10"]
[SourceQuality "1"]

1. e4 c5 2. Nf3 e6 3. d4 cxd4 4. Nxd4 a6 5. c4 Qc7 6. Nc3 b6 7. Bd3 Bb7 8. 0-0 Nf6 9. Be3 Be7 10. a3 d6 11. Rc1 Nbd7 12. f3 0-0 13. Qe1 Rac8 14. b3 Qb8 15. a4 Bd8 16. Qg3 Kh8 17. Rcd1 Bc7 18. Qh3 Ne5 19. Bb1 Ng6 20. Bg5 e5 21. Nf5 Ng8 22. Nd5 Bxd5 23. exd5 Bd8 24. Be3 Bf6 25. Rc1 N8e7 26. Rfe1 Nxf5 27. Bxf5 Rc7 28. Bd2 b5 29. Re4 bxc4 30. bxc4 Qb2 31. Be3 Rb8 32. Re1 Nf8 33. Rg4 Qc3 34. Bf2 Rxc4 35. Rxc4 Qxc4 36. g4 g6 37. Be4 Qxa4 38. Qf1 Qb5 39. Bd3 Qxd5 40. Be4 Qb5 41. Bd3 Qc6 42. Be3 a5 43. Rc1 Qd7 44. Be4 d5 45. Rd1 d4 46. g5 Bg7 47. Bc1 Ne6 48. h4 Nc5 49. Bc2 Rd8 50. Ba3 Bf8 51. Bxc5 Bxc5 52. Kg2 Bb4 53. Qd3 Rc8 54. Qe4 Qe6 55. Rb1 Qa2 56. Rc1 Qb2 57. Qxe5+ Kg8 0-1

[Event "Pardubice Infinity op 26th"]
[Site "Pardubice"]
[Date "2015.07.17"]
[Round "1"]
[White "Hampel, Rudolf"]
[Black "Lintchevski, Daniil"]
[Result "0-1"]
[WhiteElo "1674"]
[BlackElo "2574"]
[PlyCount "70"]
[EventDate "2015.07.17"]
[EventType "swiss"]
[EventRounds "7"]
[EventCountry "CZE"]
[SourceTitle "EXT 2017"]
[Source "ChessBase"]
[SourceDate "2016.10.25"]
[SourceVersion "1"]
[SourceVersionDate "2016.10.25"]
[SourceQuality "1"]

1. e4 c6 2. d4 d5 3. e5 Bf5 4. Nf3 e6 5. Nc3 c5 6. Bd3 Bg4 7. Be2 Nc6 8. Be3 Nge7 9. 0-0 Nf5 10. Bb5 cxd4 11. Bxd4 Bxf3 12. gxf3 Qg5+ 13. Kh1 Qf4 14. Be3 Nxe3 15. fxe3 Qxe3 16. f4 g6 17. Qf3 Qxf3+ 18. Rxf3 Rc8 19. Rd1 a6 20. Bf1 Bc5 21. Ne2 Ke7 22. c3 Ba7 23. Ng3 Rhd8 24. Rfd3 h6 25. Re1 b5 26. a3 Na5 27. b4 Nc4 28. Ra1 Nb2 29. Rf3 Rc7 30. Ra2 Na4 31. Ne2 Rdc8 32. Rh3 h5 33. Rd2 Nxc3 34. Rdd3 Ne4 35. Kg2 Nf2 0-1

[Event "Tabor op"]
[Site "Tabor"]
[Date "2011.07.31"]
[Round "1"]
[White "Hampel, Rudolf"]
[Black "Havlik, Jan"]
[Result "0-1"]
[WhiteElo "1837"]
[BlackElo "2315"]
[PlyCount "72"]
[EventDate "2011.07.31"]
[EventType "swiss"]
[EventRounds "9"]
[EventCountry "CZE"]
[SourceTitle "CBM 143 Extra"]
[Source "ChessBase"]
[SourceDate "2011.08.29"]
[SourceVersion "1"]
[SourceVersionDate "2011.08.29"]
[SourceQuality "1"]

1. e4 c5 2. Nc3 Nc6 3. Nge2 g6 4. g3 Bg7 5. Bg2 Rb8 6. a4 a6 7. d3 e6 8. Be3 d6 9. 0-0 Nge7 10. Qd2 h6 11. Rad1 Nd4 12. Bf4 b5 13. axb5 axb5 14. h4 b4 15. Na4 Bd7 16. b3 Nxe2+ 17. Qxe2 Bxa4 18. bxa4 Nc6 19. Be3 Qa5 20. f4 Nd4 21. Qf2 0-0 22. g4 f5 23. exf5 exf5 24. g5 h5 25. Ra1 Rfe8 26. Rfe1 Kh7 27. Ra2 b3 28. cxb3 Rxb3 29. Bd2 Rxe1+ 30. Qxe1 Qa6 31. Kh2 Qxd3 32. Qf2 Qb1 33. Ba5 Nf3+ 34. Bxf3 Rxf3 35. Qe2 Rxf4 36. Be1 Re4 0-1